My brother Martin : (Record no. 336575)
[ view plain ]
| 000 -LEADER | |
|---|---|
| fixed length control field | 00518nam a2200181Ia 4500 |
| 008 - FIXED-LENGTH DATA ELEMENTS--GENERAL INFORMATION | |
| fixed length control field | 170705s9999 xx 000 0 und d |
| 020 ## - INTERNATIONAL STANDARD BOOK NUMBER | |
| International Standard Book Number | 9780439581431 |
| 245 ## - TITLE STATEMENT | |
| Title | My brother Martin : |
| 245 ## - TITLE STATEMENT | |
| Remainder of title | a sister remembers growing up with the Rev. Dr. Martin Luther King Jr. / |
| 245 ## - TITLE STATEMENT | |
| Statement of responsibility, etc | Christine King Farris ; illustrated by Chris Soentpiet. |
| 260 ## - PUBLICATION, DISTRIBUTION, ETC. (IMPRINT) | |
| Place of publication, distribution, etc | New York : |
| 260 ## - PUBLICATION, DISTRIBUTION, ETC. (IMPRINT) | |
| Name of publisher, distributor, etc | Scholastic, |
| 260 ## - PUBLICATION, DISTRIBUTION, ETC. (IMPRINT) | |
| Date of publication, distribution, etc | 2003 |
| 300 ## - PHYSICAL DESCRIPTION | |
| Extent | unpaged : |
| 300 ## - PHYSICAL DESCRIPTION | |
| Other physical details | color illustration ; |
| 300 ## - PHYSICAL DESCRIPTION | |
| Dimensions | 23cm. |
| 500 ## - GENERAL NOTE | |
| General note | 970 |
No items available.